|
|
|
|
| LEADER |
00000cam a2200000 7i4500 |
| 001 |
0000000702 |
| 005 |
20000923.0 |
| 090 |
0 |
0 |
|a 351.14709595
|b PAN 1993
|
| 245 |
0 |
0 |
|a PANDUAN mengenai pewujudan penunjuk prestasi di agensi-agensi kerajaan
|
| 260 |
0 |
0 |
|a Kuala Lumpur :
|b Unit Pemodenan Tadbiran Malaysia ,
|c 1993
|
| 300 |
|
|
|a v, 44 p. :
|b col. ill. ;
|c 21 cm.
|
| 650 |
0 |
0 |
|a Achievement motivation
|
| 650 |
0 |
0 |
|a Civil service
|z Malaysia
|
| 650 |
0 |
0 |
|a Performance
|
| 710 |
1 |
1 |
|a Malaysia ,
|c Unit Pemodenan Tadbiran Malaysia
|
| 999 |
|
|
|a 0000000016
|b Monograph
|c Open Shelf
|e Default branch
|